Statistiche per Indovina l'animale dall'immagine #facile

Clicka qui per fare il quiz!

Statistiche generali

  • Questo quiz è stato fatto 59 volte
  • Il punteggio medio è 16 su 16

Statistiche sulle risposte

Risposta% Corretto
gatto
100%
balena
98%
cane
98%
cavallo
98%
elefante
98%
giraffa
98%
koala
98%
leone
98%
lumaca
98%
orso
98%
squalo
98%
tartaruga
98%
cammello
96%
ippopotamo
96%
scimmia
96%
maiale
94%

Distribuzione punteggi

Percentile per numero di risposta

Percentuale di utenti per punteggio

I tuoi punteggi nel tempo

Non hai fatto questo quiz